[Event "GBR-ch blitz (Women)"]
[Site "Birmingham"]
[Date "2019.11.16"]
[Round "15"]
[White "Orlovska, Madara"]
[Black "Smith, Madeleine"]
[Result "1-0"]
[WhiteElo "2094"]
[BlackElo "1354"]
[PlyCount "61"]
[EventDate "2019.11.16"]
[EventType "tourn (blitz)"]
[EventRounds "15"]
[EventCountry "ENG"]
[SourceTitle "CBM 193 Extra"]
[Source "ChessBase"]
[SourceDate "2020.01.31"]
[SourceVersion "1"]
[SourceVersionDate "2020.01.31"]
[SourceQuality "1"]

1. d4 d5 2. Nc3 Nf6 3. Bf4 c5 4. e3 e6 5. f3 Nc6 6. Qd2 Bd6 7. Bg5 0-0 8. 0-0-0 a5 9. a4 Nb4 10. Nb5 Be7 11. Bf4 Bd7 12. g4 Bxb5 13. Bxb5 cxd4 14. exd4 Qc8 15. Kb1 Nc6 16. h4 Bb4 17. c3 Be7 18. h5 Na7 19. Bd3 Qc6 20. Bc2 Bd6 21. Bg5 Be7 22. Bf4 b5 23. g5 Nd7 24. g6 fxg6 25. hxg6 h6 26. Bxh6 Bf6 27. Bf4 Rfe8 28. Qh2 Kf8 29. Bd6+ Qxd6 30. Qxd6+ Be7 31. Rh8# 1-0

[Event "GBR-ch blitz (Women)"]
[Site "Birmingham"]
[Date "2019.11.16"]
[Round "8"]
[White "Smith, Madeleine"]
[Black "Gamal, Alaa"]
[Result "1-0"]
[WhiteElo "1354"]
[BlackElo "1709"]
[PlyCount "117"]
[EventDate "2019.11.16"]
[EventType "tourn (blitz)"]
[EventRounds "15"]
[EventCountry "ENG"]
[SourceTitle "CBM 193 Extra"]
[Source "ChessBase"]
[SourceDate "2020.01.31"]
[SourceVersion "1"]
[SourceVersionDate "2020.01.31"]
[SourceQuality "1"]

1. e4 c5 2. c3 g6 3. d4 cxd4 4. cxd4 d5 5. e5 Bg7 6. Nc3 Nc6 7. Nf3 Bg4 8. Be2 e6 9. h3 Bxf3 10. Bxf3 Nge7 11. Bg5 a6 12. 0-0 h6 13. Bh4 0-0 14. Qd2 Qb6 15. Rad1 Nf5 16. Bf6 Nfxd4 17. Bg4 h5 18. Be2 Nxe2+ 19. Qxe2 Rac8 20. Kh1 Rc7 21. Rc1 Rfc8 22. Rfd1 Nb4 23. a3 Nc6 24. Qd2 Nxe5 25. Bxg7 Kxg7 26. Qf4 Nc4 27. Ne2 Qxb2 28. Ng3 Qf6 29. Ne2 Qxf4 30. Nxf4 Nxa3 31. Ra1 Nb5 32. Rab1 Rc2 33. Kg1 Rd2 34. Rxd2 e5 35. Nxd5 Rd8 36. Rdd1 Rc8 37. Rdc1 Rd8 38. Nc3 Nxc3 39. Rxc3 b5 40. Rc6 Ra8 41. Ra1 a5 42. Rb6 b4 43. Rb5 Kf6 44. Raxa5 Rd8 45. Rxb4 Rd1+ 46. Kh2 Rd2 47. Kg3 h4+ 48. Rxh4 g5 49. Rb4 Kf5 50. Ra7 f6 51. Kf3 Rd3+ 52. Ke2 Rc3 53. g4+ Ke6 54. Ra6+ Kf7 55. f3 Rc2+ 56. Kf1 Rh2 57. Rb7+ Kg6 58. Ra8 f5 59. Ra6# 1-0

[Event "GBR-ch blitz (Women)"]
[Site "Birmingham"]
[Date "2019.11.16"]
[Round "14"]
[White "Smith, Madeleine"]
[Black "Jina, Asha"]
[Result "1-0"]
[WhiteElo "1354"]
[BlackElo "1510"]
[PlyCount "53"]
[EventDate "2019.11.16"]
[EventType "tourn (blitz)"]
[EventRounds "15"]
[EventCountry "ENG"]
[SourceTitle "CBM 193 Extra"]
[Source "ChessBase"]
[SourceDate "2020.01.31"]
[SourceVersion "1"]
[SourceVersionDate "2020.01.31"]
[SourceQuality "1"]

1. e4 e6 2. d4 d5 3. exd5 exd5 4. c4 c6 5. Nc3 Bd6 6. cxd5 cxd5 7. Nxd5 Nc6 8. Nf3 Nge7 9. Nc3 Bg4 10. Be3 0-0 11. Bc4 Nf5 12. 0-0 Bxf3 13. Qxf3 Nfxd4 14. Qg4 Kh8 15. Rad1 Ne6 16. Bxe6 fxe6 17. Qxe6 Bc7 18. Rxd8 Raxd8 19. Qg4 Ne5 20. Qg5 Nf7 21. Qb5 Nd6 22. Qb4 Rc8 23. Qg4 Nf5 24. Nd5 Be5 25. Rc1 Nxe3 26. Rxc8 Rxc8 27. Qxc8# 1-0

[Event "GBR-ch blitz (Women)"]
[Site "Birmingham"]
[Date "2019.11.16"]
[Round "13"]
[White "Supatan, Dawn"]
[Black "Smith, Madeleine"]
[Result "0-1"]
[WhiteElo "1596"]
[BlackElo "1354"]
[PlyCount "49"]
[EventDate "2019.11.16"]
[EventType "tourn (blitz)"]
[EventRounds "15"]
[EventCountry "ENG"]
[SourceTitle "CBM 193 Extra"]
[Source "ChessBase"]
[SourceDate "2020.01.31"]
[SourceVersion "1"]
[SourceVersionDate "2020.01.31"]
[SourceQuality "1"]

1. e4 e5 2. Nc3 Nf6 3. f4 d6 4. d4 exd4 5. Qxd4 Nc6 6. Qd1 Bg4 7. Nf3 Be7 8. Bb5 0-0 9. 0-0 a6 10. Be2 Re8 11. Qe1 Qd7 12. h3 Bxf3 13. Bxf3 Nd4 14. Qf2 Nxf3+ 15. Qxf3 c6 16. f5 d5 17. exd5 cxd5 18. Qg3 Bc5+ 19. Kh1 d4 20. Nb1 Ne4 21. Qg4 d3 22. cxd3 Nf2+ 23. Rxf2 Bxf2 24. Bh6 f6 25. Qf3 0-1

[Event "Robinson Cup U14"]
[Site "Dundalk"]
[Date "2019.07.22"]
[Round "1.8"]
[White "Achuthan, Dylan"]
[Black "Smith, Madeleine"]
[Result "1-0"]
[WhiteElo "1909"]
[BlackElo "1104"]
[PlyCount "125"]
[EventDate "2019.07.22"]
[EventType "team-tourn"]
[EventRounds "5"]
[EventCountry "IRL"]
[SourceTitle "EXT 2022"]
[Source "ChessBase"]
[SourceDate "2021.10.06"]
[SourceVersion "1"]
[SourceVersionDate "2021.10.06"]
[SourceQuality "1"]
[WhiteTeam "Netherlands (U14)"]
[BlackTeam "Wales (U14)"]
[WhiteTeamCountry "NED"]
[BlackTeamCountry "WLS"]

1. e4 e5 2. Nf3 Nc6 3. Bc4 Nf6 4. d3 d5 5. exd5 Nxd5 6. h3 Bc5 7. 0-0 0-0 8. Re1 Re8 9. Ng5 Be6 10. c3 h6 11. Nxe6 fxe6 12. b4 Bb6 13. Be3 Bxe3 14. fxe3 Qd6 15. Qc2 Rad8 16. Nd2 Nf6 17. Rad1 a6 18. a4 Ne7 19. Nf3 Ned5 20. a5 Nh5 21. e4 Ndf4 22. d4 exd4 23. Nxd4 Qe7 24. e5 Qg5 25. Kh1 Qg3 26. Rf1 Rf8 27. Rf3 Qg5 28. Re1 Rde8 29. Kh2 Qh4 30. Qf2 Qxf2 31. Rxf2 g5 32. Ref1 Ng7 33. Ba2 Ng6 34. Rf6 Rxf6 35. exf6 Nh5 36. f7+ Kf8 37. fxe8Q+ Kxe8 38. Nxe6 Kd7 39. Nf8+ Nxf8 40. Rxf8 Nf4 41. Rh8 h5 42. g3 Ne2 43. c4 Nc1 44. Bb1 g4 45. hxg4 hxg4 46. Bf5+ Kd6 47. Bxg4 Na2 48. b5 axb5 49. cxb5 Nb4 50. a6 bxa6 51. bxa6 Nc6 52. Rh6+ Kc5 53. Bf3 Na7 54. g4 Kb4 55. Rh7 Nb5 56. Bc6 Kc5 57. Bxb5 Kxb5 58. a7 c5 59. a8Q c4 60. Qd5+ Kb4 61. Qd4 Kb3 62. Rb7+ Ka3 63. Qa7# 1-0